AH International Schools' Libraries

Monster Math (Record no. 48628)

MARC details
000 -LEADER
fixed length control field 00400nam a22001217a 4500
008 - FIXED-LENGTH DATA ELEMENTS--GENERAL INFORMATION
fixed length control field 250318b |||||||| |||| 00| 0 eng d
020 ## - INTERNATIONAL STANDARD BOOK NUMBER
International Standard Book Number 9780590227124
100 ## - MAIN ENTRY--PERSONAL NAME
Personal name Grace Maccarone (Author), Margaret A. Hartelius (Illustrator), Marilyn Bunrs (Contributor)
9 (RLIN) 86139
245 ## - TITLE STATEMENT
Title Monster Math
260 ## - PUBLICATION, DISTRIBUTION, ETC. (IMPRINT)
Place of publication, distribution, etc New York
Name of publisher, distributor, etc Scholastic
Date of publication, distribution, etc 1995
300 ## - PHYSICAL DESCRIPTION
Extent 32 p
Other physical details col. ill.
Dimensions 6.25 x 0.25 x 9 inches
942 ## - ADDED ENTRY ELEMENTS (KOHA)
Source of classification or shelving scheme
Holdings
Withdrawn status Lost status Source of classification or shelving scheme Damaged status Not for loan Collection code Home library Current library Date acquired Full call number Barcode Date last seen Price effective from Koha item type
          Siem Riep Asian Hope Siem Reap Asian Hope Siem Reap 03/18/2025 EF GRA 207761 03/18/2025 03/18/2025 Book

For any Logos Library related questions please contact Miss Art at swongnarasuk@asianhope.org.

For any Asian Hope Library related questions please contact Miss Raza at graza@asianhope.org.

Powered by Koha